| 000 | 01841cam a22004094i 4500 | ||
|---|---|---|---|
| 003 | PE-LiUPU | ||
| 005 | 20250731173204.0 | ||
| 008 | 150625s1961 nyu r 000 0 eng d | ||
| 035 | _a(Sirsi) a30690 | ||
| 040 |
_aPE-LiUPU _bspa _cPE-LiUPU _erda |
||
| 049 | _aPRUA | ||
| 082 | 0 | 4 |
_a220.4 _bB85 _221 |
| 100 | 1 |
_aBruce, F.F., _eautor. |
|
| 245 | 1 | 4 |
_aThe English Bible A History Of Translations / _cF. F. Bruce. |
| 264 | 1 |
_aNew York : _bOxford University Press, _c1961. |
|
| 300 |
_a233 páginas ; _c22 centímetros |
||
| 336 |
_atext _2rdacontent |
||
| 337 |
_aunmediated _2rdamedia |
||
| 338 |
_avolume _2rdacarrier |
||
| 505 | 0 | _aThe beginnings of the english bible -- John wycliffe and the english Bible -- The english new testament in print -- Tyndale's later years -- The complete english bible printed and licensed -- The great bible -- The elizabethan bible -- The king james version -- The english bible for roman catholics -- After king james -- The revised version -- Early twentieth century version -- Early twentieth century versions -- Moffat, goodspeed and others -- The revised standard versions -- Other recent versions -- The new english Bible. | |
| 526 | _aSEG42 | ||
| 526 | _aSEG41 | ||
| 526 | _aSEG40 | ||
| 526 | _aSEG39 | ||
| 526 | _aP94 | ||
| 526 | _aP87 | ||
| 526 | _aP86 | ||
| 526 | _aP85 | ||
| 526 | _aP77 | ||
| 526 | _aP76 | ||
| 526 | _aP35 | ||
| 942 |
_2ddc _cBOOK |
||
| 949 |
_a220.4 B85 _wDEWEY _c1 _i36772 _lCCODEBUL1 _mBUL _p00.00 _r0 _sY _tBOOK _u2015-06-25 _xBIBLIOTECA _zUNKNOWN _0COMPRA _o.STAFF. Colección General |
||
| 596 | _a1 | ||
| 999 |
_a220.4 B85 _wDEWEY _c38161 _i36772 _d38161 _e2016-9-5 _f2021-11-9 _g5 _lCCODEBUL1 _mBUL _n1 _p18.27 _r0 _sY _tBOOK _u2015-6-25 _xTEOLOGIA _PP35 _0COMPRA _o.STAFF. Colección Teología |
||
| 980 |
_81 _gALBERTO SANCHEZ Responsable de Automatización |
||